Entre jóvenes re-productores y jóvenes co-constructores. Sentidos de la integración en la cultura escolar.

Saved in:
Bibliographic Details
Main Author: Oyarzún Chicuy, Astrid A. (autora)
Other Authors: Irrazabal Moya, Raúl (autor), Goicovic Donoso, Igor (autora), Reyes Jedlicki, Leonora (autora)
Format: Book
Language:Spanish
Published: Valparaíso, Chile: Ediciones CIDPA, 2001.
Subjects:
Tags: Add Tag
No Tags, Be the first to tag this record!

MARC

LEADER 00000nam a2200000 a 4500
001 UCN0436
003 CL-VaPUC
005 20241218153633.0
008 010323e20010000CL |||||||||||||||||spa|d
999 |c 294184  |d 294182 
020 |a 956-7636-05-2 
040 |c Pontificia Universidad Católica de Valparaíso 
082 0 4 |a 371.83 OYA 2001  |2 21 
100 |a Oyarzún Chicuy, Astrid A.  |e autora  |9 745423 
245 1 0 |a Entre jóvenes re-productores y jóvenes co-constructores.  |b Sentidos de la integración en la cultura escolar.  
260 |a Valparaíso, Chile:   |b Ediciones CIDPA,   |c 2001. 
300 |a 239 páginas.  
500 |a c.4 Donación Prof. Valeria Campos Salvaterra. Memo FIL. Biblioteca Mayor de Educación y Filosofía. 01-10-2024. 
583 |a last modification  |c 20010323 00:00:00  |k Rodrigo Vera 
650 0 |a Educación media  |9 499610  |x Integración escolar   |x Aspectos educativos y sociales   |z Chile  
650 0 |a Juventud  |9 271073  |x Integración escolar   |x Políticas públicas   |x Educación secundaria   |z Chile  
700 |a Irrazabal Moya, Raúl  |e autor  |9 519730 
700 |a Goicovic Donoso, Igor  |e autora  |9 814253 
700 |a Reyes Jedlicki, Leonora  |e autora  |9 455671 
942 |c BK  |2 ddc 
945 |d 20010323 00:00:00  |a cmena 
952 |0 0  |1 0  |4 0  |6 371_830000000000000_OYA_2001  |7 0  |8 A  |9 346112  |a BIBGIM  |b BIBGIM  |d 2019-11-20  |i 3703851  |l 1  |o 371.83 OYA 2001  |p 3703851  |r 2025-03-24  |s 2025-03-24  |w 2019-11-20  |y BK  |k GIM 
952 |0 0  |1 0  |4 0  |6 371_830000000000000_OYA_2001  |7 0  |8 A  |9 346113  |a BIBGIM  |b BIBGIM  |d 2019-11-20  |i 370386K  |o 371.83 OYA 2001  |p 370386K  |r 2025-01-15  |w 2019-11-20  |y BK  |k GIM 
952 |0 0  |1 0  |4 0  |6 371_830000000000000_OYA_2001  |7 0  |8 A  |9 346114  |a BIBEDU  |b BIBEDU  |d 2019-11-20  |i 3704424  |o 371.83 OYA 2001  |p 3704424  |r 2019-11-20  |w 2019-11-20  |y BK  |k BME 
952 |0 0  |1 0  |2 ddc  |4 0  |6 371_830000000000000_OYA_2001  |7 0  |8 A  |9 597114  |a BIBEDU  |b BIBEDU  |d 2024-10-02  |e Donación  |i 5662922  |o 371.83 OYA 2001  |p 5662922  |r 2024-10-02  |t 4  |w 2024-10-02  |y BK  |k FIL